| 000 | 00750nam a2200205Ia 4500 | ||
|---|---|---|---|
| 003 | GCL | ||
| 008 | 140319s9999 xx 000 0 ara d | ||
| 040 |
_aGCL / _cGCL |
||
| 082 | 0 | 4 |
_a891.7 _bأ هـ |
| 100 | 1 | _aعادل سلامه | |
| 245 | 1 | 0 |
_aهو الذى يصفح (هدية من الاديب عبدالفتاح الجمل) / _cعادل سلامه |
| 700 | 1 | _aسعد زغلول نصار | |
| 260 |
_aالقاهرة : _bالدار المصرية للتأليف والترجمة ، _c1965 |
||
| 300 |
_a232 ص ؛ _c24 سم |
||
| 490 |
_aروائع المسرح العالمى _v0 |
||
| 650 | 0 | 4 | _aالادب الروسى |
| 650 | 0 | 4 | _aالمسرحيات الروسية |
| 650 | 0 | 4 | _aالادب الروسى المترجم |
| 942 |
_2ddc _cBK |
||
| 999 |
_c38136 _d38136 |
||